000 004190000a22001690004500
003 MACL
005 20151229124939.0
008 151229b xxu||||| |||| 00| 0 eng d
040 _aMACL
_cMACL
041 _aEnglish
082 _a294.5/GAN
100 _aGandhi, M K
_98264
245 _aHindu Dharma
260 _bNavajivan Publishing House
_c1950
_aAhmedabad
650 _aReligion
_923736
942 _cBK
_k294/Gan
_2ddc
999 _c35244
_d35244